|
|
|
|
| LEADER |
00000nam0a2200000 4500 |
| 001 |
220207 |
| 005 |
20231101230321.0 |
| 010 |
|
|
|a 0749927003
|
| 035 |
|
|
|a (RuTPU)RU\TPU\book\240327
|
| 090 |
|
|
|a 220207
|
| 100 |
|
|
|a 20120820d2006 y0engy50 ba
|
| 101 |
0 |
|
|a eng
|
| 102 |
|
|
|a GB
|
| 105 |
|
|
|a a j 001zy
|
| 200 |
1 |
|
|a The 10- Day MBA. A Step-by-Step Guide to Mastering the Skills Taught in Top Business Schools
|f S. Silbiger
|
| 210 |
|
|
|a London
|c Piatkus
|d 2006
|
| 215 |
|
|
|a 420 p.
|c il.
|
| 320 |
|
|
|a Bibliography: p. 403-408.
|
| 320 |
|
|
|a Index: p. 415-420.
|
| 606 |
1 |
|
|a Предпринимательство
|x Теория
|2 stltpush
|3 (RuTPU)RU\TPU\subj\36673
|9 57969
|
| 610 |
1 |
|
|a бизнес
|
| 610 |
1 |
|
|a экономическая теория
|
| 610 |
1 |
|
|a предпринимательская деятельность
|
| 610 |
1 |
|
|a предпринимательская культура
|
| 610 |
1 |
|
|a предпринимательский успех
|
| 610 |
1 |
|
|a управленческая деятельность
|
| 610 |
1 |
|
|a английский язык
|
| 686 |
|
|
|a У012.12
|v LBC/SL-A
|2 rubbk
|
| 700 |
|
1 |
|a Silbiger
|b S.
|g Steven
|
| 801 |
|
1 |
|a RU
|b 63413507
|c 20120820
|
| 801 |
|
2 |
|a RU
|b 63413507
|c 20150908
|g RCR
|
| 942 |
|
|
|c BK
|